000 00336nam a22001337a 4500
008 230717b xxu||||| |||| 00| 0 eng d
020 _a0862633583
082 _a370
_bTAY
100 _cTerence Taylor
245 _aPostgraduate Study in Britain 1993-1994
260 _bReed Information Services ltd
300 _a582p
942 _2ddc
_cBK
999 _c3986
_d3986